Wards of Harrow, London - Statistics

General Stats
  • This quiz has been taken 20 times
  • The average score is 9 of 21
Answer Stats
Answer % Correct
Pinner
100%
Harrow on the Hill
78%
Hatch End
67%
Wealdstone
67%
Canons
56%
Rayners Lane
56%
Roxeth
56%
Belmont
44%
Edgware
44%
Roxbourne
44%
West Harrow
44%
Greenhill
33%
Pinner South
33%
Harrow Weald
22%
Headstone North
22%
Headstone South
22%
Kenton East
22%
Kenton West
22%
Stanmore Park
22%
Marlborough
11%
Queensbury
11%
No matching quizzes found
Score Distribution
Percent of People with Each Score
Percentile by Number Answered
Your Score History
You have not taken this quiz